000 00259pam a2200121 a 4500
020 _c
041 _aeng
100 _aPemberten Mone.
245 _aPro Pracial
_hTextual Documents
260 _aNew York
_bPenguin Books Ltd
300 _a310p.
930 _a15264
999 _c92164
_d92164